Vóleibol para principiantes: entrenamiento, técnica y táctica

Salvato in:
Dettagli Bibliografici
Autore principale: Hessing, Walter (Autore)
Natura: Libro
Lingua:spagnolo
Pubblicazione: Barcelona Paidotribo 2003
Edizione:4a. ed
Serie:Colección Iniciación Deportiva
Soggetti:
Tags: Aggiungi Tag
Nessun Tag, puoi essere il primo ad aggiungerne!!

MARC

LEADER 00000nam a2200000 a 4500
001 UCI0690
003 CL-VaPUC
008 070525e20030000SP |||||||||||||||||spa|d
020 |a 8480191694 
082 0 4 |a 796.325  |b HES  |2 21 
100 |a Hessing, Walter  |e author  |9 520854 
245 1 0 |a Vóleibol para principiantes: entrenamiento, técnica y táctica 
250 |a 4a. ed 
300 |a 140 p 
942 |c BK 
945 |d 20070525 00:00:00  |a cmena 
260 |a Barcelona  |b Paidotribo  |c 2003 
650 0 |a Voleibol  |9 307522 
650 7 |a DEPORTE  |2 CL-VaPUC  |9 520855 
650 7 |a JUEGOS DE PELOTA  |2 CL-VaPUC  |9 340284 
650 7 |a ENTRENAMIENTO ATLETICO  |2 CL-VaPUC  |9 520856 
583 |a last modification  |c 20140404 06:21:48  |k Rodrigo Vera 
490 0 |a Colección Iniciación Deportiva 
999 |c 325750  |d 325748 
952 |0 0  |1 0  |4 0  |6 796_325000000000000_HES_2003  |7 0  |8 A  |9 407037  |a BIBEDU  |b BIBEDU  |d 2019-11-22  |i 4343069  |l 1  |o 796.325 HES 2003  |p 4343069  |r 2024-09-25  |s 2024-09-23  |w 2019-11-22  |y BK  |k EFI 
952 |0 0  |1 0  |4 0  |6 796_325000000000000_HES_2003  |7 0  |8 A  |9 407038  |a BIBEDU  |b BIBEDU  |d 2019-11-22  |i 4343077  |l 1  |o 796.325 HES 2003  |p 4343077  |r 2024-09-02  |s 2024-08-27  |w 2019-11-22  |y BK  |k EFI 
952 |0 0  |1 0  |4 0  |6 796_325000000000000_HES_2003  |7 0  |8 C  |9 407039  |a BIBCUR  |b BIBCUR  |d 2019-11-22  |i 4708938  |l 3  |o 796.325 HES 2003  |p 4708938  |r 2025-04-22  |s 2023-07-10  |w 2019-11-22  |y BK  |k DEN